000 00463nam a2200181Ia 4500
008 131103s9999 xx 000 0 und d
040 _aLoreto College
041 _aEnglish
082 _a425/FOW
_bLCBED/4700
100 _aFowler, H G
245 2 _aA wealth of words
_cH G Fowler & N Russel
260 _aLondon
_bMacmillan
_c1965
300 _a124p.
_c 18cm.
650 _aEnglish grammar
700 _aRussel, N
850 _aLCBED/425/FOW
942 _cBK
999 _c27981
_d78460